000 00739nam a22002537a 4500
001 sjds
003 sjds
005 20230210094334.0
008 221220b sp ||||| |||| 00| 0 spa d
020 _a9788434847781
020 _a8434847787
040 _csjds
041 _aspa
100 1 _aKniffke, Sophie
245 1 3 _aEl olfato /
_cSophie Kniffke, Claude Delafosse, Paz Barroso (translator), Gallimard jeunesse (Publisher)
246 _aEl olfato
260 _aMadrid :
_bSM,
_cc1996
300 _a[24] p., [12] p. de lam :
_bprincipalmente il. color ;
_c18 cm
440 _aMuno Mavavilloso
700 1 _aDelafosse, Claude
700 1 _aBarroso, Paz
_e(translator)
710 _aGallimard jeunesse
_e(Publisher)
942 _cBK
999 _c27573
_d27573